Journalist
| Main Author: | |
|---|---|
| Format: | Book |
| Published: |
Pennsylvania :
Manson Crest Publishers ,
2003
|
| Series: | Careers with character
|
| Subjects: |
MARC
| LEADER | 00000cam a2200000 7i4500 | ||
|---|---|---|---|
| 001 | 0000017383 | ||
| 005 | 20080521.0 | ||
| 008 | 080521 | ||
| 020 | |a 1590843169 | ||
| 090 | 0 | 0 | |a 253 |b BON |
| 100 | 1 | |a Bonnice, Sherry | |
| 245 | 1 | 0 | |a Journalist |c Sherry Bonnice |
| 260 | |a Pennsylvania : |b Manson Crest Publishers , |c 2003 | ||
| 440 | |a Careers with character | ||
| 650 | 0 | |a Journalist |x Juvenile literature | |
| 650 | 0 | |a Journalist |x Vocational Guidance | |
| 999 | |a 0001015270 |b Book |c Adult Collection |e Perbadanan Perpustakaan Awam Johor | ||